Žraloci od Dunaja verzus šťuky spoza Moravy
V Česku je aktívnych množstvo silných mien slovenského biznisu. Čechov je na Slovensku poskromne. Prehľad najväčších slovenských firiem s českým kapitálom.
Gespeichert in:
| 1. Verfasser: | |
|---|---|
| Format: | Buchkapitel |
| Sprache: | Slowakisch |
| Schlagworte: | |
| Tags: |
Keine Tags, Fügen Sie das erste Tag hinzu!
|
MARC
| LEADER | 00000naa a2200000 4500 | ||
|---|---|---|---|
| 001 | 0219337 | ||
| 005 | 20231113105312.4 | ||
| 041 | 0 | |a slo | |
| 044 | |a SK | ||
| 245 | 1 | 0 | |a Žraloci od Dunaja verzus šťuky spoza Moravy |c Ivan Haluza |
| 520 | |a V Česku je aktívnych množstvo silných mien slovenského biznisu. Čechov je na Slovensku poskromne. Prehľad najväčších slovenských firiem s českým kapitálom. | ||
| 610 | 2 | 0 | |a Česko |
| 610 | 2 | 0 | |a Slovensko |
| 610 | 2 | 0 | |a kapitál zahraničný |
| 610 | 2 | 0 | |a manažéri |
| 610 | 2 | 0 | |a podnikanie |
| 100 | 1 | |a Haluza, Ivan | |